00672nam a2200241 a 4500001001300000003000900013005001700022008004100039020001000080082001500090100002300105245001700128260004300145300000900188500003500197505001600232650001600248700002300264902000800287942000700295952011500302999001300417nice12345678IN_TiNIC20260116011345.0050524s1937 dela grp 000 0 urd  ac10000a297.8bMAW aMawdoodi, Abul Ala aNishan-E-Rah aDelhibJamat-E-Islami Book Depotc1937 a56p. aincludes index and biblioraphy2 aIndex, Ill. aIslam-Sects1 aMawdoodi, Abul Ala bSRS cBK 001040708StackRoom-aHMIbHMId2007-07-13g100.00l0o297.8 MAWp02703r2007-07-13v100.00w2005-05-24yBK c815d815